000 00788nam a2200217Ii 4500
003 JO-AjNU
008 230605s9999||||xx |||||||||||||| ||und||
017 _a2012/7/2798
040 _aJO-AjNU
_bara
_erda
_cJO-AjNU
041 _aara
050 1 4 _aBR143 2013
100 3 _aتاليف عصفور، عدنان، م.مشارك حسني العبادي,
_eauthor
_950241
245 0 0 _aالمغطس: موقع عماد السيد المسيح في عيون الكتاب والشعراء
250 _aط1
264 3 1 _aعمان: دار يافا للنشر والتوزيع، 2013
300 _a248ص
336 _atext
_btxt
_2rdacontent
337 _aunmediated
_bn
_2rdamedia
338 _avolume
_bnc
_2rdacarrier
650 4 _aالمغطس - سياحة دينية - الاردن
_950242
999 _aA22119
_c25687
_d25687